Prvá republika verzus doba tekutá v kontexte systému starostlivosti o rizikového užívateľa alkoholu

Bibliographic Details
Main Author: Jombíková Janáková, Michaela (Author)
Format: Article
Language:Slovak
ISBN:9788081528477
Subjects:
Online Access://www.unibook.upjs.sk/img/cms/2020/ff/kosicke-dni-socialnej-prace2020.pdf

MARC

LEADER 00000nab a2200000 4500
001 vtls012127390
003 SK-MaSNL
005 20260304214818.0
008 220317|2020 xo |||| ||an ||00 0|slo
015 |a SNBRB2022/03 
040 |a SPKCL  |b slo  |e rda 
041 |a slo  |b slo  |b eng 
044 |a xo  |c SK 
072 7 |a 613  |x hygiena. Ľudské zdravie  |2 konspekt 
080 |a 364-78:613.81/.84  |2 2011 
100 1 |a Jombíková Janáková, Michaela  |4 aut  |9 1548911 
245 1 0 |a Prvá republika verzus doba tekutá v kontexte systému starostlivosti o rizikového užívateľa alkoholu  |c Michaela Jombíková Janáková 
336 |a text  |b txt  |2 rdacontent 
337 |a bez média  |b n  |2 rdamedia 
338 |a zväzok  |b nc  |2 rdacarrier 
504 |a Obsahuje bibliografiu 
546 |a Anglické a slovenské resumé 
650 0 7 |a alkohol  |2 SNKPH  |9 15497 
650 0 7 |a alkoholizmus  |2 SNKPH  |9 14184 
650 0 7 |a sociálna práca  |2 SNKPH  |9 1550 
650 0 7 |a terapia  |2 SNKPH  |9 781 
655 7 |a BZB  |2 SNKPH  |9 1080216 
773 0 |t Čo prinieslo sociálnej práci 100 rokov : minulé a súčasné podoby sociálnej práce : 8. ročník Košických dní sociálnej práce : zborník príspevkov z vedeckého seminára s medzinárodnou účasťou , konanom dňa 29.11.2020 v Košiciach  |d Košice : Univerzita Pavla Jozefa Šafárika, Filozofická fakulta 2020  |g S.139-146  |z 9788081528477 
856 4 1 |u //www.unibook.upjs.sk/img/cms/2020/ff/kosicke-dni-socialnej-prace2020.pdf 
958 |a NB 
999 |c 3143377  |d 3145307